[Event "SVK-chT4 A21 1920"]
[Site "Slovakia"]
[Date "2020.06.14"]
[Round "11.2"]
[White "Moravec, Milan"]
[Black "Vepy, Ivan"]
[Result "0-1"]
[WhiteElo "1598"]
[BlackElo "1818"]
[PlyCount "126"]
[EventDate "2019.10.13"]
[EventType "team-tourn"]
[EventRounds "11"]
[EventCountry "SVK"]
[SourceTitle "EXT 2022"]
[Source "ChessBase"]
[SourceDate "2021.10.06"]
[SourceVersion "1"]
[SourceVersionDate "2021.10.06"]
[SourceQuality "1"]
[WhiteTeam "Kopcany"]
[BlackTeam "Skalica III"]
[WhiteTeamCountry "SVK"]
[BlackTeamCountry "SVK"]

1. d4 Nf6 2. c4 e6 3. Nc3 d5 4. Bg5 Be7 5. e3 0-0 6. Nf3 b6 7. cxd5 Nxd5 8. Bxe7 Nxe7 9. Bd3 Bb7 10. 0-0 h6 11. Ne5 Nd7 12. Nxd7 Qxd7 13. Be4 Bxe4 14. Nxe4 Rac8 15. Nc3 Rfd8 16. Qa4 c6 17. Rfd1 Qb7 18. Rac1 Nf5 19. g3 h5 20. h4 Nh6 21. Qc2 Qe7 22. Qe4 Ng4 23. Qf3 g6 24. a3 Kg7 25. Ne4 e5 26. dxe5 Nxe5 27. Qe2 c5 28. Rxd8 Rxd8 29. Rd1 Rxd1+ 30. Qxd1 Ng4 31. Qd5 Qe5 32. Qxe5+ Nxe5 33. Nc3 Nc4 34. Nd1 b5 35. Kf1 Kf6 36. Ke2 a5 37. Kd3 Kf5 38. e4+ Kg4 39. Ne3+ Nxe3 40. Kxe3 a4 41. e5 Kf5 42. f4 f6 43. exf6 Kxf6 44. Ke4 Ke6 45. Ke3 Kf5 46. Kd3 Kg4 47. Ke4 Kxg3 48. Kd5 Kxh4 49. Kxc5 Kg4 50. Kxb5 h4 51. Kxa4 h3 52. b4 h2 53. b5 h1Q 54. b6 Kxf4 55. Ka5 Ke5 56. Ka6 Qa8+ 57. Kb5 Kd6 58. a4 g5 59. a5 g4 60. a6 g3 61. b7 Qa7 62. Ka5 g2 63. Kb5 g1Q 0-1

[Event "SVK-chT3A2 1819"]
[Site "Slovakia"]
[Date "2019.03.10"]
[Round "10.6"]
[White "Huska, Branislav"]
[Black "Vepy, Ivan"]
[Result "1/2-1/2"]
[WhiteElo "1820"]
[BlackElo "1865"]
[PlyCount "97"]
[EventDate "2018.10.07"]
[EventType "team-tourn"]
[EventRounds "11"]
[EventCountry "SVK"]
[SourceTitle "EXT 2020"]
[Source "ChessBase"]
[SourceDate "2019.10.17"]
[SourceVersion "1"]
[SourceVersionDate "2019.10.17"]
[SourceQuality "1"]
[WhiteTeam "Senica SK"]
[BlackTeam "Skalica II"]
[WhiteTeamCountry "SVK"]
[BlackTeamCountry "SVK"]

1. e4 e5 2. Nf3 Nc6 3. Bb5 a6 4. Ba4 b5 5. Bb3 d6 6. d4 exd4 7. Bd5 Nge7 8. 0-0 Nxd5 9. exd5 Ne5 10. Nxd4 Bd7 11. f4 Ng4 12. Re1+ Be7 13. Qe2 Nf6 14. Nc6 Bxc6 15. dxc6 d5 16. Nd2 Qd6 17. b3 Ne4 18. Nxe4 dxe4 19. Qxe4 Kf8 20. Bb2 Bf6 21. Bxf6 Qxf6 22. Rad1 Rd8 23. Rd7 g6 24. Qe7+ Kg7 25. Qxf6+ Kxf6 26. Rxc7 Rd2 27. Ree7 Rf8 28. c4 bxc4 29. bxc4 Rd4 30. Red7 Rxf4 31. Ra7 Rxc4 32. Rxa6 Rc8 33. c7+ Ke5 34. Ra7 Ke6 35. Rd2 R8xc7 36. Rxc7 Rxc7 37. a4 Ra7 38. Rd4 Ra5 39. Kf2 h5 40. h4 f6 41. Rb4 Kd5 42. Ke3 Ra6 43. Kd3 Kc5 44. Rc4+ Kd5 45. Rb4 Kc5 46. Rc4+ Kd5 47. Rb4 Kc5 48. Rc4+ Kd5 49. Rb4 1/2-1/2

[Event "SVK-chT3A2 1617"]
[Site "Slovakia"]
[Date "2016.12.11"]
[Round "5.1"]
[White "Nemeckay, Rastislav"]
[Black "Vepy, Ivan"]
[Result "1-0"]
[WhiteElo "2024"]
[BlackElo "1923"]
[PlyCount "93"]
[EventDate "2016.10.16"]
[EventType "team-tourn"]
[EventRounds "11"]
[EventCountry "SVK"]
[SourceTitle "EXT 2020"]
[Source "ChessBase"]
[SourceDate "2019.10.17"]
[SourceVersion "1"]
[SourceVersionDate "2019.10.17"]
[SourceQuality "1"]
[WhiteTeam "Senica CVC"]
[BlackTeam "Skalica II"]
[WhiteTeamCountry "SVK"]
[BlackTeamCountry "SVK"]

1. e4 e5 2. Nf3 Nc6 3. Bb5 a6 4. Bxc6 dxc6 5. d4 exd4 6. Qxd4 Qxd4 7. Nxd4 Nf6 8. f3 Be7 9. Be3 Bd7 10. Nc3 Bb4 11. Nde2 0-0 12. a3 Be7 13. 0-0-0 Rad8 14. Rd2 Be6 15. Rhd1 Rxd2 16. Rxd2 Rd8 17. Bf4 Rxd2 18. Kxd2 Bd8 19. Nd4 Bc8 20. g4 h6 21. Nce2 Nd7 22. c3 Nf8 23. h3 Bg5 24. Be3 Bxe3+ 25. Kxe3 Ne6 26. Nxe6 Bxe6 27. Nd4 Bd7 28. f4 g6 29. Kf3 Kf8 30. h4 c5 31. Nb3 b6 32. f5 Ke7 33. Kf4 a5 34. Nd2 Be8 35. g5 hxg5+ 36. hxg5 gxf5 37. exf5 Bc6 38. Ke5 Ba4 39. Ne4 Bb3 40. Nf6 Ba2 41. Nd5+ Kd7 42. g6 fxg6 43. fxg6 Kc6 44. Ne3 b5 45. g7 Bg8 46. Nf5 Bb3 47. Ne7+ 1-0

[Event "SVK-chT3A2 1617"]
[Site "Slovakia"]
[Date "2016.10.30"]
[Round "2.5"]
[White "Karas, Marek"]
[Black "Vepy, Ivan"]
[Result "1-0"]
[WhiteElo "2196"]
[BlackElo "1923"]
[PlyCount "109"]
[EventDate "2016.10.16"]
[EventType "team-tourn"]
[EventRounds "11"]
[EventCountry "SVK"]
[SourceTitle "EXT 2020"]
[Source "ChessBase"]
[SourceDate "2019.10.17"]
[SourceVersion "1"]
[SourceVersionDate "2019.10.17"]
[SourceQuality "1"]
[WhiteTeam "Gbely Nafta"]
[BlackTeam "Skalica II"]
[WhiteTeamCountry "SVK"]
[BlackTeamCountry "SVK"]

1. d4 Nf6 2. c4 e6 3. Nf3 Be7 4. Nc3 d5 5. Bf4 0-0 6. e3 b6 7. cxd5 exd5 8. Bd3 Ba6 9. Bxa6 Nxa6 10. Qa4 Qc8 11. 0-0 Qb7 12. Rac1 Rfc8 13. Ne5 c5 14. dxc5 Nxc5 15. Qd1 Nce4 16. Qd3 Nxc3 17. Rxc3 Rxc3 18. Qxc3 Rc8 19. Qd3 Rd8 20. Rc1 Rc8 21. Rd1 h6 22. Nf3 Nh5 23. Be5 Bf6 24. Bxf6 Nxf6 25. Nd4 Qe7 26. h3 Qb4 27. Qb3 Qe7 28. Ne2 Kh8 29. Nc3 Rd8 30. Nxd5 Nxd5 31. Rxd5 Rc8 32. Qd1 Qf6 33. Rd2 Kg8 34. Rd4 Qg6 35. Rd8+ Rxd8 36. Qxd8+ Kh7 37. Qd1 Qf6 38. Qd3+ Kg8 39. Qd4 Qe6 40. b3 Qg6 41. e4 Qg5 42. e5 Qc1+ 43. Kh2 Qc2 44. f4 Qxa2 45. Qd8+ Kh7 46. Qd5 Kg8 47. Qd8+ Kh7 48. Qd3+ Kg8 49. f5 Qf2 50. Qe4 a5 51. e6 fxe6 52. fxe6 Kf8 53. Qe5 Qc5 54. Qf4+ Ke8 55. Qf7+ 1-0

[Event "SVK-chT4A21 1415"]
[Site "Slovakia"]
[Date "2015.02.15"]
[Round "9.2"]
[White "Miciak, Emanuel"]
[Black "Vepy, Ivan"]
[Result "1-0"]
[WhiteElo "1882"]
[BlackElo "1923"]
[PlyCount "59"]
[EventDate "2014.10.12"]
[EventType "team-tourn"]
[EventRounds "11"]
[EventCountry "SVK"]
[SourceTitle "EXT 2022"]
[Source "ChessBase"]
[SourceDate "2021.10.06"]
[SourceVersion "1"]
[SourceVersionDate "2021.10.06"]
[SourceQuality "1"]
[WhiteTeam "Vrbove III"]
[BlackTeam "Skalica II"]
[WhiteTeamCountry "SVK"]
[BlackTeamCountry "SVK"]

1. d4 e6 2. Nf3 Nf6 3. Bg5 d5 4. e3 Be7 5. c4 0-0 6. Bd3 b6 7. cxd5 exd5 8. 0-0 Bg4 9. Nbd2 Nbd7 10. Rc1 c5 11. b3 h6 12. Bh4 Ne4 13. Bxe7 Qxe7 14. Qc2 f5 15. Rfe1 Rac8 16. h3 Bh5 17. Ba6 Rc7 18. Qb2 Rf6 19. Bd3 Rg6 20. Bf1 Ng5 21. Nxg5 Qxg5 22. g3 Qe7 23. Bg2 Nf6 24. dxc5 bxc5 25. b4 c4 26. Qd4 Qxb4 27. Bxd5+ Kh7 28. Rxc4 Rxc4 29. Bxc4 Ne4 30. Bg8+ 1-0

[Event "SVK-chT3A2 1314"]
[Site "Slovakia"]
[Date "2014.03.02"]
[Round "10.3"]
[White "Vepy, Ivan"]
[Black "Nemeckay, Rastislav"]
[Result "0-1"]
[WhiteElo "1926"]
[BlackElo "1986"]
[PlyCount "82"]
[EventDate "2013.10.13"]
[EventType "team-tourn"]
[EventRounds "11"]
[EventCountry "SVK"]
[SourceTitle "EXT 2015"]
[Source "ChessBase"]
[SourceDate "2014.11.20"]
[SourceVersion "1"]
[SourceVersionDate "2014.11.20"]
[SourceQuality "1"]
[WhiteTeam "Skalica"]
[BlackTeam "Senica CVC"]
[WhiteTeamCountry "SVK"]
[BlackTeamCountry "SVK"]

1. e4 e5 2. Bc4 Nc6 3. a3 Nf6 4. d3 d5 5. exd5 Nxd5 6. Qf3 Nf6 7. Bg5 Be7 8. h3 Nd4 9. Qd1 Be6 10. Nd2 b5 11. Bxe6 Nxe6 12. Be3 Nd5 13. Qf3 0-0 14. Ne2 c5 15. 0-0 Rc8 16. Nc3 Nxc3 17. bxc3 a6 18. Qe4 Bf6 19. Rab1 Qa5 20. c4 Nd4 21. Bxd4 cxd4 22. Nb3 Qc3 23. cxb5 axb5 24. Na1 Qxa3 25. Rxb5 Rc5 26. Qb7 Rxb5 27. Qxb5 Rc8 28. Rb1 Qe7 29. Re1 Qc7 30. f4 Rb8 31. Qa4 h6 32. fxe5 Bxe5 33. Qa2 Kh7 34. Qd5 f6 35. Kh1 Qc3 36. Qe4+ Kh8 37. Kg1 Re8 38. Kf1 Rd8 39. Qh4 Ra8 40. Nb3 Qxc2 41. Qe4 Ra2 0-1